| 000 | 01026nac a22002891u 4500 | ||
|---|---|---|---|
| 010 | _a 83641399 | ||
| 020 | _a0810315505 | ||
| 022 | 0 | _a0732-7455 | |
| 035 | _a(OCoLC)ocm08416024 | ||
| 082 | 0 |
_a909.8205 _bCON |
|
| 090 |
_c9967 _d9967 |
||
| 100 | _a20080729 | ||
| 245 | 0 | 0 |
_aContemporary issues criticism: _bEcerpts from criticism of contemporary writings in sociology, economics, politics, psychology, anthropology, education, history, law, biography, and related fields |
| 246 | 3 | 0 | _aC.I.C. |
| 246 | 3 | 0 | _aCIC |
| 260 |
_aDetroit, Mich. : _bGale Research Co.,1982-1984 _cc1982-1984 |
||
| 300 |
_a2 v. : _bill. ; _c29 cm. |
||
| 500 | _aDonations | ||
| 500 | _aDonations: AUC | ||
| 511 | _aCatalogued by: wessam | ||
| 650 | 0 |
_aCivilization, Modern _y20th century _xBook reviews _vPeriodicals. |
|
| 650 | 0 |
_aBooks _xReviews _vPeriodicals. |
|
| 942 |
_cNB _k909.8205CON _hRDA-MOD |
||
| 999 |
_c9967 _d9967 |
||
| 336 |
_2rdacontent _atext _btxt |
||
| 337 |
_aunmediated _2rdamedia _bn |
||
| 338 |
_avolume _bnc _2rdacarrier |
||